MARC

LEADER 00000nam0a2200000 4500
001 304689
005 20231102001727.0
035 |a (RuTPU)RU\TPU\book\329936 
090 |a 304689 
100 |a 20150917d1983 km y0rusy50 ca 
101 0 |a rus 
102 |a UZ 
105 |a a z 001zy 
200 1 |a Общая теория относительности и тяготение 
205 |a 2-е изд., доп. и перераб. 
210 |a Ташкент  |c Фан  |d 1983 
215 |a 304 с.  |c ил. 
320 |a Библиогр.: с. 295-300 
606 1 |a Относительности теория  |2 stltpush  |3 (RuTPU)RU\TPU\subj\47735  |9 66647 
606 1 |a Всемирное тяготение  |x (физика)  |2 stltpush  |3 (RuTPU)RU\TPU\subj\38290  |9 58940 
610 1 |a физические основы 
610 1 |a геометрическая оптика 
610 1 |a релятивистская астрометрия 
610 1 |a физический мир 
610 1 |a размерность 
610 1 |a скорость света 
610 1 |a системы отсчета 
610 1 |a принцип Ферма 
610 1 |a анизотропность 
675 |a 530.12  |v 4 
675 |a 530.12:531.51  |v 4 
700 1 |a Арифов  |b Л. Я.  |g Леннур Ягья 
712 0 2 |a Академия наук Узбекской ССР (АН УзССР)  |b Институт ядерной физики (ИЯФ)  |2 stltpush  |3 (RuTPU)RU\TPU\col\11486 
801 1 |a RU  |b 63413507  |c 20150917 
801 2 |a RU  |b 63413507  |c 20190423  |g RCR 
942 |c BK